Historias vulgares / (Record no. 43515)

MARC details
000 -LEADER
campo de control de longitud fija 01009nam a2200205 i 4500
001 - NÚMERO DE CONTROL
campo de control 43515
003 - IDENTIFICADOR DE NÚMERO DE CONTROL
campo de control ES-MaACL
005 - FECHA Y HORA DE LA ÚLTIMA TRANSACCIÓN
campo de control 20250904063046.0
007 - CAMPO FIJO DE DESCRIPCIÓN FÍSICA--INFORMACIÓN GENERAL
campo de control de longitud fija t|
008 - DATOS DE LONGITUD FIJA--INFORMACIÓN GENERAL
campo de control de longitud fija 030318s1887 sp ||||1| spa d
100 1# - ENTRADA PRINCIPAL--NOMBRE DE PERSONA
Nombre de persona Castro y Serrano, José de,
Fechas asociadas al nombre 1828-1896
9 (RLIN) 36980
245 10 - MENCIÓN DEL TÍTULO
Título Historias vulgares /
Mención de responsabilidad, etc. por D. José de Castro y Serrano.
260 ## - PUBLICACIÓN, DISTRIBUCIÓN, ETC.
Lugar de publicación, distribución, etc. Madrid :
Nombre del editor, distribuidor, etc. [s.n.],
Fecha de publicación, distribución, etc. 1887 (
Fabricante Imp. de Fortanet)
300 ## - DESCRIPCIÓN FÍSICA
Extensión 2 v. (383 ; p.) ;
Dimensiones 21 cm.
505 8# - NOTA DE CONTENIDO CON FORMATO
Nota de contenido con formato Contiene: I. Juan de Sidonia ; Antonio Sánchez ; Lorenzo Gómez ; Carmen la de Fortuny ; El brigadier Fernández ; Las estanqueras de San Fernando - II. La capitana Cook ; El tesoro morisco ; Luisa ; Vicente ; La madre feliz ; Petronila ; Dolores ; Un drama chico ; Historia de un alma ; El frac azul
530 ## - NOTA DISPONIBLE DE FORMULARIO FÍSICO ADICIONAL
Nota de formato físico adicional disponible Disponible en formato digital.
852 4# - LOCALIZACIÓN
Ubicación ES-MaACL
Número de control de estantería G-826-27
856 4# - LOCALIZACIÓN Y ACCESO ELECTRÓNICOS
Identificador Uniforme de Recursos <a href="http://www.bibliotecavirtualdeandalucia.es/catalogo/es/consulta/registro.do?id=1014690">http://www.bibliotecavirtualdeandalucia.es/catalogo/es/consulta/registro.do?id=1014690</a>
Nota pública Biblioteca Virtual de Andalucía
Holdings
Estatus retirado Estado de pérdida Estado de daño No para préstamo Colección Biblioteca de origen Biblioteca actual Ubicación en estantería Fecha de adquisición Fuente de adquisición Total de préstamos Signatura topográfica completa Código de barras Visto por última vez Precio de reemplazo Tipo de ítem Koha
        Colección digital Biblioteca del Ateneo de Madrid Biblioteca del Ateneo de Madrid Depósito 2 17/01/2008     G-826-7 1045810 23/02/2023 23/02/2023 Libro impreso antiguo